Vista completa de documento

STA |a MIBE-2024
STA |a REPO-DTRA
FMT BK
LDR      nam  22      i 4500
001 000475590
005 20240517143948.0
006 m        d        
007 cr nuu---uuuuu
008 240516s2024    sp a   fs     000 0 eng d
0247 |a 10.53479/36556 |2 doi
040 |a ES-MaBBE
084 |a C10
084 |a C50
098 |a C4 |e Modelización econométrica
1001 |a Bonhomme, Stéphane
24510 |a Estimating heterogeneous effects |h [Recurso electrónico] : |b applications to labor economics / |c Stéphane Bonhomme and Angela Denis.
260 |a Madrid : |b Banco de España, |c 2024.
300 |a 35 p.
440 0 |a Documentos de Trabajo / Banco de España |v 2414 |x 1579-8666
506 |a Acceso público y gratuito a la versión electrónica en Internet
5203 |a Un número creciente de aplicaciones utilizan escenarios en los que, para inferir efectos heterogéneos, un investigador compara distintas unidades. Ejemplos de diseños de investigación son aquellos que incluyen a niños que se mudan de barrio, trabajadores que cambian de empresa, pacientes que migran de una ciudad a otra y bancos que ofrecen préstamos a diferentes empresas. En este trabajo presentamos un marco unificado para estos escenarios, basado en un modelo lineal con coeficientes aleatorios normales y errores normales. Con ayuda del modelo, analizamos cómo recuperar la media y la dispersión de los efectos, así como otras características de su distribución, y cómo construir predictores de los efectos. Proporcionamos condiciones de momentos que dependen de los parámetros del modelo y describimos diversas estrategias de estimación. Uno de los principales objetivos de este documento es aclarar algunos de los supuestos subyacentes destacando su contenido económico, además de examinar e informar sobre algunas de las principales decisiones prácticas. [Resumen de autor] |9 [spa]
5203 |a A growing number of applications involve settings where, in order to infer heterogeneous effects, a researcher compares various units. Examples of research designs include children moving between different neighborhoods, workers moving between firms, patients migrating from one city to another, and banks offering loans to different firms. We present a unified framework for these settings, based on a linear model with normal random coefficients and normal errors. Using the model, we discuss how to recover the mean and dispersion of effects, other features of their distribution, and how to construct predictors of the effects. We provide moment conditions on the model’s parameters, and outline various estimation strategies. One of the main objectives of the paper is to clarify some of the underlying assumptions by highlighting their economic content, and to discuss and inform some of the key practical choices. [Resumen de autor] |9 [eng]
650 4 |a Economía del trabajo
650 4 |a Análisis multivariable
650 4 |a Diseño de experimentos
65310 |a Heterogeneity
65310 |a Neighborhoods
65310 |a Firms
65310 |a Workers
65310 |a Variance components
65310 |a Shrinkage
65310 |a Heterogeneidad
65310 |a Barrios
65310 |a Empresas
65310 |a Trabajadores
65310 |a Componentes de la varianza
65310 |a Regularización
7001 |a Denis, Angela
7102 |a Banco de España
85641 |u https://repositorio.bde.es/handle/123456789/36556 |x 68bc323b-290e-4d3e-9e8d-eeb0abda4863 |z Ver en el Repositorio Institucional
035 |a (OCoLC)1444076849 |z OCOLC1444076849
TYP |a Libro
TYP |a Recurso electronico
TYP |a EL |b Acceso
SYS 000475590

2013 Banco de España, Madrid, España. Reservados todos los derechos
Basado en Ex Libris (© 2009 Ex Libris)

Contacto